000 00753nam a2200253Ia 4500
003 OSt
005 20221005065958.0
006 a|||||r|||| 00| 0
007 ta
008 221004b |||||||| |||| 00| 0 eng d
020 _a8179923231 (pbk)
_c295
024 _a101519
037 _b259, 08/03/2010, University Book House
_cTextual
040 _aCRL
_cCRL
_beng
041 _2eng
_aeng
082 _aOxk, P5(RR)
100 _aBaker Daniel B.
_9605171
245 0 _aPower quotes
260 _aMumbai
_bJaico Publishing House India
_c2005
300 _axiii,387p.
_ccm.
650 _aENGLISH LITERATURE
942 _hOxk, P5(RR)
_cTEXL
_2cc
999 _c975473
_d975473